000 00317 a2200121 4500
001 146770
040 _cEscola São Tomás de Aquino
100 _aLARREULA, Enric
240 1 0 _aBruxa Onilda é uma boa companheira
_lpor
245 1 0 _aBruxa Onilda é uma boa companheira
697 _a*LITERATURA INFANTO
942 _cBK
999 _c146770
_d146770